Länder mit der längsten Landesgrenze - Statistiken

Allgemein
  • Dieses Quiz wurde 225 mal gespielt
  • Das Durchschnittsergebnis liegt bei 16 aus 20
Antwortstatistiken
Platz Land Länge der Landesgrenzen insgesmt in km
Anzahl der Nachbarländer
% Korrekt
2. Russland 20.408 14
99%
1. China 22.457 16
98%
4. Indien 13.888 6
96%
3. Brasilien 16.145 10
95%
9. Kanada 8.893 1
95%
6. Vereinigte Staaten 12.048 2
95%
7. Argentinien 11.968 5
89%
8. Demokratische Republik Kongo 10.481 9
89%
5. Kasachstan 13.364 5
89%
10. Mongolei 8.082 2
85%
12. Chile 7.801 3
84%
17. Algerien 6.734 7
80%
20. Tschad 6.406 6
77%
11. Mali 7.908 7
75%
13. Pakistan 7.257 4
73%
18. Kolumbien 6.672 5
72%
15. Peru 7.062 5
72%
14. Bolivien 7.252 5
70%
16. Usbekistan 6.893 5
58%
19. Myanmar 6.522 5
42%
Keine übereinstimmenden Quizze gefunden
Verteilung der Resultate
Anzahl Personen mit jedem Resultat
Perzentil nach korrekt beantworteten Fragen
Ihre Resultats-Entwicklung
Sie haben dieses Quiz noch nicht gespielt